1479 1921 1147 1987 1954 1820 1172 1232 1985 1638 1988 1993 1378 1479 1784 1913 1088 1438 1864 1100 1349 1814 1876 1802 1348 1203 1517 1746 1222 1613 1145 1268 1359 1469 1130 1039 1490 1000 1901 1225 1242 1585 1625 1655 1556 1853 1793 1935 1828 1375 1974 1436 1268 1829 1239 1417 1482 1241 1333 1954 1164 1589 1928 1109 1928 1713 1901 1364 1586 1337 1246 1307 1757 1836 1445 1978 1597 1566 1091 1279 1161 1920 1140 1230 1476 1551 1323 1450 1406 1169 1075 1460 1715 1196 1702 1824 1468 1924 1026 BCNSPRNW ULIB Ver.6.0+V

เปลี่ยนเป็นภาษาไทย

Change to English
 แสดงรายละเอียดบรรณานุกรม
  กลับหน้าหลัก

Brief Record : Get Marc (ISO 2709) : E-mail record : QR code < ปิดหน้าต่าง
LEADER : 00000nam 2200000uu 4500
001    13399123138
003     ULIB
008    140401s2556||||th 000 0 tha d
020    ^a9786163873200
050    ^aDS586 ห159
110    ^aอมรินทร์
245    ^a๑๐๘ มงคลพระบรมราโชวาท
250    ^aพิมพ์ครั้งที่ 2
260    ^aอมรินทร์พริ้นติ้งแอนด์พับลิชชิ่ง :^bกรุงเทพฯ,^c2556
300    ^a218 หน้า;^b19 ซม.
650    ^aภูมิพลอดุลยเดช, พระบาทสมเด็จพระปรมินทรมหา, 2470-
650    ^aพระบรมราโชวาท
945    ^p199^l0^i034402
945    ^p199^l0^i001386
999    ^aเกษร โพธิ์สุวรรณ
รายการนี้ยังไม่มีแท็ก
คุณยังไม่ได้ล็อกอิน คุณสามารถมีกิจกรรมร่วมกับเว็บไซต์ได้ แต่ต้องล็อกอินก่อน ::
  ล็อกอิน

รายการสื่อสารสนเทศ

ลำดับที่ ประเภท เลขเรียก/บาร์โค้ด สถานที่ สถานะ
1. การศึกษาทั่วไป
หนังสือสำรอง
สถานะ=หนังสือสำรอง
DS586 ห159 ฉ.1 
  Barcode: 034402
ห้องสมุดวิทยาเขตสวรรค์ประชารักษ์
►หนังสือทั่วไป
บนชั้น
2. การศึกษาทั่วไป
การศึกษาทั่วไป
DS586 ห159 ฉ.2 
  Barcode: 001386
ห้องสมุดวิทยาเขตสวรรค์ประชารักษ์
►หนังสือทั่วไป
บนชั้น

รายการใกล้เคียง
    หัวเรื่อง [พระบรมราโชวาท]

BibComment


ยังไม่เคยถูกคอมเมนท์

คอมเมนท์ทรัพยากรรายการนี้
  คอมเมนท์: ๑๐๘ มงคลพระบรมรา..


 Copyright 2026. Bcnsprnw @Library